000 00334nam a2200157Ia 4500
100 _aRana Aradhana
650 _aCommunication Skill
942 _cBK
366 _f20
245 _aEnglish communication made easy
260 _bAne Books
_c2013
082 _a371.2
_bRAN
300 _a379
546 _aENGLISH
_cTTL
999 _c21251
_d21251